[Event "Queenstown Classic"]
[Site "Queenstown NZL"]
[Date "2009.01.18"]
[Round "4"]
[White "Mitchell,R"]
[Black "Stojic,S"]
[Result "0-1"]
[WhiteElo "1719"]
[BlackElo "1972"]

1.d4 Nf6 2.c4 g6 3.g3 Bg7 4.Bg2 O-O 5.Nf3 d6 6.O-O c5 7.d5 Na6 8.Nc3 Nc7
9.Re1 Rb8 10.a4 b6 11.e4 a6 12.e5 Ng4 13.exd6 exd6 14.Bg5 f6 15.Bc1 b5 16.axb5 axb5
17.Nd2 Ne5 18.cxb5 Nd3 19.Re3 Nxc1 20.Rxc1 Nxb5 21.Nxb5 Rxb5 22.b3 f5 23.Bf1 Rb7
24.Rc4 Rbf7 25.Qe1 Bd4 26.Rd3 f4 27.Rcxd4 fxg3 28.fxg3 cxd4 29.Bg2 Bf5 30.Rf3 d3
31.Qe3 Qa5 32.h3 Qa1+ 33.Kh2 Qe5 34.Nc4 Qxe3 35.Rxe3 h5 36.Nd2 Ra7 37.g4 Ra2
38.gxf5 Rxd2 39.Re6 Rxg2+  0-1

[Event "Queenstown Classic"]
[Site "Queenstown NZL"]
[Date "2009.01.18"]
[Round "4"]
[White "Baider,D"]
[Black "King,M"]
[Result "1-0"]
[WhiteElo "2125"]
[BlackElo "1934"]

1.d4 Nf6 2.Nf3 g6 3.c4 Bg7 4.g3 d6 5.Bg2 O-O 6.O-O c5 7.dxc5 dxc5 8.Ne5 Nfd7
9.Nd3 Nc6 10.Nc3 Nde5 11.Nxc5 Nxc4 12.Qa4 Nb6 13.Qh4 Qd4 14.N5e4 f5 15.Be3 Qb4
16.Bc5 Qa5 17.b4 Qa6 18.b5 Qa5 19.Bxb6 axb6 20.Ng5 h6 21.Bd5+ e6 22.Nxe6 Bxe6
23.Bxe6+ Kh7 24.bxc6 Bxc3 25.cxb7 Rae8 26.Bc8 Be5 27.Rad1 Rf7 28.Qc4 Rfe7
29.Rd5 Qa7 30.Rfd1 Bb8 31.Rd7 Qa3 32.Qe6  1-0

[Event "Queenstown Classic"]
[Site "Queenstown NZL"]
[Date "2009.01.24"]
[Round "10"]
[White "Baider,D"]
[Black "Krivec,J"]
[Result "1/2-1/2"]
[WhiteElo "2125"]
[BlackElo "2343"]

1.d4 Nf6 2.Nf3 d6 3.c4 g6 4.g3 Bg7 5.Bg2 O-O 6.O-O Nbd7 7.Qc2 e5 8.Rd1 Re8
9.dxe5 dxe5 10.e4 c6 11.h3 Qc7 12.c5 Nf8 13.Be3 N6d7 14.Nbd2 Ne6 15.Nc4 b6
16.b4 bxc5 17.bxc5 Ba6 18.Nd6 Rf8 19.h4 Qa5 20.Rac1 Qa3 21.Nc4 Bxc4 22.Qxc4 Rad8
23.Rd3 Qb2 24.Rd2 Qb7 25.Bh3 Nd4 26.Bxd4 exd4 27.Rcd1 Rfe8 28.Bxd7 Rxd7 29.e5 Bxe5
30.Nxe5 Rxe5 31.Rxd4 Rxd4 32.Rxd4 Qe7 33.Rd6 Re1+ 34.Kg2 Qe4+ 35.Qxe4 Rxe4
36.Rxc6 Ra4 37.Rc8+ Kg7 38.Ra8 Rxa2 39.c6 Rc2 40.Rxa7 Rxc6  1/2-1/2

[Event "TCh-HUN 2008-9"]
[Site "Budapest HUN"]
[Date "2009.01.25"]
[Round "6"]
[White "Tanacs,A"]
[Black "Kiss,E"]
[Result "1/2-1/2"]
[WhiteElo "2031"]
[BlackElo "2139"]

1.Nf3 Nf6 2.g3 g6 3.d4 d6 4.c4 Bg7 5.Bg2 O-O 6.O-O Nbd7 7.Nc3 e5 8.e4 h6
9.h3 Nh7 10.Be3 Ng5 11.Nxg5 hxg5 12.Qd2 exd4 13.Bxd4 Ne5 14.b3 c5 15.Bxe5 Bxe5
16.Rad1 g4 17.h4 a6  1/2-1/2

[Event "ch-PriFO"]
[Site "Kazan RUS"]
[Date "2009.01.26"]
[Round "6"]
[White "Askarov,M"]
[Black "Ivanov,Ro"]
[Result "1-0"]
[WhiteElo "2512"]
[BlackElo "2252"]

1.c4 Nf6 2.Nf3 g6 3.d4 Bg7 4.g3 O-O 5.Bg2 d6 6.O-O c6 7.Nc3 Nbd7 8.e4 Qc7
9.b3 e5 10.Bb2 Re8 11.d5 c5 12.Ne1 Nf8 13.Nd3 a6 14.Qd2 Bd7 15.a4 b5 16.axb5 axb5
17.cxb5 Qb6 18.f4 Ng4 19.Rxa8 Rxa8 20.Kh1 f6 21.Bf3 h5 22.Be2 Bxb5 23.Nxb5 Qxb5
24.Nxe5 Qxb3 25.Nc4 Ra2 26.Rf3 Qb7 27.h3 f5 28.hxg4 Bxb2 29.gxf5 Ra1+ 30.Kh2 Bd4
31.Nxd6 Qb1 32.Rf1 Ra2 33.Rxb1 Rxd2 34.Kh3 Rxe2 35.e5 g5 36.f6 Bb2 37.fxg5 Bxe5
38.Nf5 Kf7 39.Nh4 c4 40.Rb7+ Ke8 41.Re7+ Kd8 42.g6 Nd7 43.Rxd7+ Kxd7 44.g7 Bxf6
45.g8=Q c3  1-0

[Event "ch-PriFO"]
[Site "Kazan RUS"]
[Date "2009.01.26"]
[Round "6"]
[White "Shinkevich,V"]
[Black "Predke,A"]
[Result "1-0"]
[WhiteElo "2516"]
[BlackElo "2324"]

1.d4 Nf6 2.Nf3 g6 3.c4 Bg7 4.g3 O-O 5.Bg2 d6 6.Nc3 Nc6 7.O-O a6 8.Qd3 e5
9.dxe5 dxe5 10.Qxd8 Rxd8 11.Bg5 Be6 12.Nd2 h6 13.Bxf6 Bxf6 14.Nde4 Be7 15.Nd5 Bxd5
16.cxd5 Nb4 17.Nc3 c6 18.dxc6 Nxc6 19.Nd5 Rd6 20.Rac1 Rad8 21.Nxe7+ Nxe7
22.Bxb7 Rb6 23.Rc7 Kf8 24.b3 Rd2 25.e3 Rbd6 26.Ra1 Rb2 27.Rc5 Rf6 28.Rf1 Rxa2
29.Rxe5 Rb6 30.Be4 f6 31.Rc5 Rxb3 32.Rd1 Rbb2 33.Rd8+ Kf7 34.Rc7 Ra1+ 35.Kg2 f5
36.Bd3 Kf6 37.Bc4 Rc1 38.Rd6+ Kg5 39.h4+ Kh5 40.Be2+ Rxe2 41.Rxc1 f4 42.Kf3  1-0

[Event "LIX Verano Open"]
[Site "Villa Ballester ARG"]
[Date "2009.01.27"]
[Round "6"]
[White "Scarella,E"]
[Black "Restuccia,F"]
[Result "1/2-1/2"]
[WhiteElo "2363"]
[BlackElo "2114"]

1.d4 Nf6 2.Nf3 g6 3.c4 Bg7 4.g3 O-O 5.Bg2 d6 6.Nc3 Nbd7 7.O-O e5 8.e4 exd4
9.Nxd4 Re8 10.Nc2 Nc5 11.Re1 a5 12.f3 h6 13.Be3 Ne6 14.Qd2 Kh7 15.Rad1 Nd7
16.b3 Ne5 17.Nd4 Nc5 18.Qc2 Bd7 19.Ndb5 Ne6 20.Nd5 Bc6 21.Kh1 h5 22.h3 Rc8
23.f4 Nd7 24.Bg1 h4 25.g4 Bxd5 26.exd5 Nxf4 27.Qf2 Rxe1 28.Qxe1 Nxg2 29.Kxg2 Ne5
30.Bh2 Qg5 31.Qf1 Qe3 32.Re1 Qd2+ 33.Re2 Qd3 34.Bf4 a4 35.Re3 Qc2+ 36.Re2 Qd3
37.Re3 Qc2+  1/2-1/2

[Event "ch-PriFO"]
[Site "Kazan RUS"]
[Date "2009.01.29"]
[Round "9"]
[White "Ponfilenok,V"]
[Black "Lyanguzov,O"]
[Result "1/2-1/2"]
[WhiteElo "2440"]
[BlackElo "2311"]

1.d4 Nf6 2.Nf3 g6 3.c4 Bg7 4.g3 O-O 5.Bg2 d6 6.O-O Nc6 7.Nc3 a6 8.d5 Na5
9.Nd2 c5 10.Rb1 Rb8 11.Qc2 b5 12.b3 Bh6 13.cxb5 axb5 14.b4 cxb4 15.Rxb4 Ba6
16.Qb1 Qc7 17.Nxb5 Qc5 18.Ne4 Nxe4 19.Bxe4 Bxc1 20.Rxc1 Qb6 21.a4 Rfc8 22.Bd3 Rxc1+
23.Qxc1 Rc8 24.Qe3 Qc5 25.Qxc5 dxc5 26.Rb1 c4 27.Bc2 c3 28.Bd3 Rc5 29.Rc1 Bxb5
30.axb5 Kf8 31.Kf1 Ke8 32.Ke1 Kd8 33.Kd1 Nb3 34.Rb1 Nd4 35.b6 Kc8 36.Rb4 c2+
37.Kc1 Rxd5 38.Ba6+ Kb8 39.Rc4 Nb3+ 40.Kxc2 Nc5 41.e4 Re5 42.Bb5 Kb7 43.Be8 Kxb6
44.Bxf7 Rxe4  1/2-1/2

[Event "7th Gibtelecom Masters"]
[Site "Caleta ENG"]
[Date "2009.01.30"]
[Round "4"]
[White "Samuelsson,SG"]
[Black "Hamer,M"]
[Result "1-0"]
[WhiteElo "2143"]
[BlackElo "2022"]

1.d4 Nf6 2.c4 g6 3.g3 Bg7 4.Bg2 O-O 5.Nf3 d6 6.O-O Nbd7 7.Nc3 e5 8.Qc2 c6
9.Rd1 Qe7 10.b3 e4 11.Ng5 d5 12.cxd5 cxd5 13.Nb5 Qb4 14.a4 Rd8 15.Qc7 Re8
16.Rb1 b6 17.Ba3 Qa5 18.Nd6 Rf8 19.Bh3 h6 20.Ngxf7 Kh7 21.Ne5 Nxe5 22.Nxc8  1-0

[Event "7th Gibtelecom Masters"]
[Site "Caleta ENG"]
[Date "2009.02.05"]
[Round "10"]
[White "Carlhammar,M"]
[Black "Suez Panama,G"]
[Result "1-0"]
[WhiteElo "2350"]
[BlackElo "2033"]

1.d4 Nf6 2.c4 g6 3.Nf3 Bg7 4.g3 O-O 5.Bg2 d6 6.O-O c6 7.Nc3 Bf5 8.b3 Ne4
9.Nxe4 Bxe4 10.Bb2 Nd7 11.Bh3 Bxf3 12.exf3 d5 13.Qd2 e6 14.f4 Nf6 15.Bg2 Qd7
16.Rfd1 h5 17.Qe2 Rfd8 18.c5 Ne8 19.b4 a5 20.bxa5 Rxa5 21.a4 Rda8 22.Qc2 Bf6
23.Bc3 R5a7 24.Rdb1 Ng7 25.Bh3 Nf5 26.Bxf5 exf5 27.a5 Bd8 28.Qd2 Bc7 29.Rb3 Qd8
30.Rba3 b6 31.cxb6 Bxb6 32.Bb4 Bc7 33.a6 Bb6 34.Qd3 Qf6 35.Bc3 Qd6 36.Ra4 Qe6
37.Rb1 Bc7 38.Re1 Qc8 39.Rea1 Bb6 40.Bb4 Qe6 41.Bc5 Bxc5 42.dxc5 Qc8 43.h4 Rb8
44.Ra5 Rb4 45.Qc3 Qb8 46.Kg2 Rb1 47.Rxb1 Qxb1 48.Ra1 Qe4+ 49.Kg1 d4 50.Qb4 Kg7
51.Qb6 Re7 52.a7 Re8 53.Qb7 d3 54.Qb2+ Kh7 55.a8=Q Rxa8 56.Rxa8 Qe1+ 57.Kg2 Qe4+
58.Kh2  1-0

[Event "ch-CZE"]
[Site "Decin CZE"]
[Date "2009.02.12"]
[Round "3"]
[White "Konopka,M"]
[Black "Rausis,I"]
[Result "0-1"]
[WhiteElo "2445"]
[BlackElo "2501"]

1.d4 Nf6 2.Nf3 g6 3.g3 Bg7 4.Bg2 O-O 5.c4 d6 6.O-O c6 7.Nc3 a6 8.e4 Bg4 9.h3 Bxf3
10.Bxf3 Nfd7 11.Be3 c5 12.dxc5 dxc5 13.Qb3 Nc6 14.Qxb7 Na5 15.Qd5 e6 16.Qd3 Ne5
17.Qe2 Naxc4 18.Rfd1 Qa5 19.Bc1 Nxf3+ 20.Qxf3 Rab8 21.Qe2 Qb4 22.Qc2 Nxb2
23.Bxb2 Qxb2 24.Rac1 Rfc8 25.Qxb2 Rxb2 26.Na4 Rxa2 27.Nxc5 Bb2 28.Rc2 Ra1
29.Rxa1 Bxa1 30.Ra2 Rxc5 31.Rxa1 a5 32.f4 g5 33.Kf2 Kg7 34.Ra3 Kf6 35.Ke3 h5
36.Kd4 Rb5 37.Ke3 Ke7 38.fxg5 Rxg5 39.Kf4 Kf6 40.Ra4 Rb5 41.Ra3 Kg6 42.Ra2 f6
43.Ra3 Rc5 44.Kf3 Kg5 45.Ra4 Rb5 46.Rc4 Rb3+ 47.Kg2 e5 48.Ra4 Rb5 49.Kf3 h4
50.Ra3 Kh5 51.Kg2 Rb2+ 52.Kf3 Rh2 53.Rxa5 Rxh3 54.Ra8 Rxg3+ 55.Kf2 Kg4 56.Rg8+ Kf4
57.Rh8 Rf3+ 58.Ke2 Kxe4 59.Rxh4+ Rf4  0-1

[Event "81st ch-StP"]
[Site "St Petersburg RUS"]
[Date "2009.02.24"]
[Round "8"]
[White "Lovkov,R"]
[Black "Khruschiov,A"]
[Result "1/2-1/2"]
[WhiteElo "2430"]
[BlackElo "2498"]

1.Nf3 Nf6 2.d4 g6 3.c4 Bg7 4.g3 O-O 5.Bg2 d6 6.O-O Nbd7 7.Nc3 c6 8.e4 e5
9.h3 Qb6 10.d5 Nc5 11.Ne1 cxd5 12.cxd5 Ne8 13.Nd3 Nxd3 14.Qxd3 f5 15.Be3 Qd8
16.exf5 gxf5 17.f4 Kh8 18.Rac1 Rg8 19.Kh2 Nf6 20.fxe5 dxe5 21.d6 Nh5 22.Ne2 e4
23.Qd5 Qe8 24.Rc7 Be6 25.Qd2 Rd8 26.Re7 Qxe7 27.dxe7 Rxd2 28.Bxd2 Re8 29.Bb4 Bf6
30.g4 Ng7 31.Ng3 Be5 32.Bc3 Bxc3 33.bxc3 f4 34.Rxf4 Rxe7 35.Rf8+ Bg8 36.Bxe4 Re8
37.Rxe8 Nxe8 38.Bxb7  1/2-1/2

[Event "TCh-HUN 2008-9"]
[Site "Budapest HUN"]
[Date "2009.03.01"]
[Round "9"]
[White "Nemeth,D"]
[Black "Dombai,I"]
[Result "1/2-1/2"]
[WhiteElo "2139"]
[BlackElo "2193"]

1.d4 Nf6 2.c4 g6 3.Nf3 Bg7 4.g3 O-O 5.Bg2 d6 6.O-O Nbd7 7.Nc3 a6 8.e4 c5
9.h3 cxd4 10.Nxd4 Ne5  1/2-1/2

[Event "TCh-HUN 2008-9"]
[Site "Budapest HUN"]
[Date "2009.03.01"]
[Round "9"]
[White "Kiss,At"]
[Black "Konnyu,J"]
[Result "0-1"]
[WhiteElo "2369"]
[BlackElo "2316"]

1.d4 Nf6 2.c4 g6 3.Nf3 Bg7 4.g3 O-O 5.Bg2 d6 6.O-O Nc6 7.Nc3 a6 8.b3 Rb8
9.Bb2 e6 10.e3 b5 11.cxb5 axb5 12.Rc1 Ne7 13.Qc2 Bb7 14.Rfd1 Qd7 15.Ne1 Bxg2
16.Kxg2 Rb7 17.Qe2 Nfd5 18.Nxd5 exd5 19.a3 Rc8 20.Nd3 c6 21.Bc3 Nf5 22.Qc2 Bh6
23.Bd2 Rbc7 24.a4 bxa4 25.bxa4 c5 26.dxc5 dxc5 27.Kg1 c4 28.Ne5 Qe6 29.Ng4 Bg7
30.h3 h5 31.Nh2 c3 32.Be1 d4 33.g4 hxg4 34.hxg4 Ne7 35.exd4 Nd5 36.f3 Ne3
37.d5 Qd6 38.Qd3 Nxd1 39.Rxd1 c2 40.Rc1 Bb2  0-1

[Event "TCh-HUN 2008-9"]
[Site "Budapest HUN"]
[Date "2009.03.01"]
[Round "9"]
[White "Izsak,Gyu"]
[Black "Tatar Kis,S"]
[Result "1/2-1/2"]
[WhiteElo "2434"]
[BlackElo "2387"]

1.d4 Nf6 2.c4 g6 3.Nf3 Bg7 4.g3 O-O 5.Bg2 d6 6.Nc3 Nbd7 7.O-O e5 8.Qc2 c6
9.Rd1 Qe7 10.b3 Re8 11.e4 exd4 12.Nxd4 Nc5 13.f3 a5 14.Bf4 Nh5 15.Bc1 Nf6
16.Bf4 Nh5 17.Bc1  1/2-1/2

[Event "TCh-HUN 2008-9"]
[Site "Mako HUN"]
[Date "2009.03.01"]
[Round "9"]
[White "Nagy,Danie"]
[Black "Bognar,C"]
[Result "1-0"]
[WhiteElo "2247"]
[BlackElo "2271"]

1.d4 Nf6 2.Nf3 g6 3.c4 Bg7 4.g3 O-O 5.Bg2 d6 6.Nc3 Nbd7 7.O-O e5 8.h3 c6
9.e4 Ne8 10.Re1 Qe7 11.Be3 f5 12.Qd2 Kh8 13.d5 fxe4 14.Ng5 Nb6 15.Bxb6 axb6
16.Ngxe4 Bf5 17.a3 Rd8 18.Rad1 Qc7 19.Qc2 Nf6 20.Qb3 Nd7 21.Na4 Bxe4 22.Bxe4 Ra8
23.Re2 Ra6 24.Bg2 Nc5 25.Nxc5 bxc5 26.dxc6 bxc6 27.Red2 Rd8 28.Qe3 Rb6 29.h4 e4
30.Qxe4 Rxb2 31.Qxc6 Qe7 32.Rxd6 Rf8 33.Qxc5 Be5 34.f4 Bxd6 35.Qxd6 Qxd6
36.Rxd6 Rb3 37.Kh2 Rxa3 38.c5 Rc3 39.c6 Rf7 40.Bd5 Rc7 41.Rd8+ Kg7 42.Rd7+  1-0

[Event "TCh-NED 2008-9"]
[Site "Netherlands NED"]
[Date "2009.03.07"]
[Round "6"]
[White "Kabatianski,A"]
[Black "Visser,Y"]
[Result "0-1"]
[WhiteElo "2436"]
[BlackElo "2483"]

1.d4 Nf6 2.Nf3 g6 3.c4 Bg7 4.g3 O-O 5.Bg2 d6 6.O-O Nbd7 7.Nc3 e5 8.e4 a5
9.h3 Re8 10.Be3 exd4 11.Nxd4 Nc5 12.Qc2 h5 13.Rad1 Bd7 14.Rfe1 Qc8 15.Kh2 a4
16.Ndb5 h4 17.g4 Bc6 18.f3 Ne6 19.f4 g5 20.f5 Nf4 21.Bxf4 gxf4 22.Qf2 Nh7
23.Qxh4 Bf6 24.Qf2 Qd8 25.Rf1 Kg7 26.Kh1 Ng5 27.Qxf4 Rh8 28.Rd3 Qe7 29.Kg1 Rh6
30.Kf2 Rah8 31.Qe3  0-1

[Event "10th EICC"]
[Site "Budva MNE"]
[Date "2009.03.11"]
[Round "6"]
[White "Anton,T"]
[Black "Haznedaroglu,K"]
[Result "1/2-1/2"]
[WhiteElo "2350"]
[BlackElo "2451"]

1.d4 Nf6 2.c4 g6 3.Nf3 Bg7 4.g3 O-O 5.Bg2 d6 6.O-O Nbd7 7.Nc3 e5 8.e4 exd4
9.Nxd4 Re8 10.h3 a6 11.Be3 Rb8 12.Qc2 c5 13.Nde2 b5 14.Rad1 Qc7 15.cxb5 axb5
16.Qd3 c4 17.Qxd6 Qxd6 18.Rxd6 b4 19.Na4 Nxe4 20.Bxe4 Rxe4 21.Nc5 Re7 22.Rfd1 Nf8
23.Rd8 c3 24.bxc3 bxc3 25.Rc1 Rb2 26.Nxc3 Bxh3 27.Nd5 Rxe3 28.Nxe3 Rxa2 29.g4 Bf6
30.Rd5 Bh4 31.Ne4 Ne6 32.Rd2 Ra4 33.Nc3 Rb4 34.Ncd5 Ra4 35.Nb6 Rb4 36.Nbd5 Ra4
37.Nb6 Rb4 38.Nbd5  1/2-1/2

[Event "10th EICC"]
[Site "Budva MNE"]
[Date "2009.03.16"]
[Round "10"]
[White "Drasko,M"]
[Black "Haznedaroglu,K"]
[Result "1-0"]
[WhiteElo "2533"]
[BlackElo "2451"]

1.Nf3 Nf6 2.g3 g6 3.d4 Bg7 4.c4 O-O 5.Bg2 d6 6.O-O Nbd7 7.Qc2 e5 8.Rd1 Qe7
9.Nc3 c6 10.b3 Re8 11.e4 exd4 12.Nxd4 Nc5 13.f3 a5 14.Be3 Nfd7 15.Bf2 Ne5
16.h3 f6 17.f4 Nf7 18.Qd2 Qc7 19.Rab1 Bd7 20.a3 Ne6 21.Nc2 Bf8 22.Na4 c5
23.Nc3 Bg7 24.Nb5 Bxb5 25.cxb5 Rad8 26.Ne3 Nd4 27.Nd5 Qd7 28.Bxd4 cxd4 29.Qxa5 f5
30.exf5 Qxf5 31.Qc7 Rd7 32.Qc4 h5 33.Kh2 g5 34.Qd3 Qxd3 35.Rxd3 h4 36.Kh1 Kh7
37.Rf1 gxf4 38.gxf4 Rdd8 39.f5 Be5 40.Nc7 Rg8 41.Bxb7 Rd7 42.b6 Rb8 43.Bc6 Rdd8
44.b7 Bf6 45.Na6 Ne5 46.Nxb8 Rxb8 47.Rxd4  1-0

[Event "FSIMA March"]
[Site "Budapest HUN"]
[Date "2009.03.17"]
[Round "11"]
[White "Sebestyen,Ba"]
[Black "Tesik,C"]
[Result "1-0"]
[WhiteElo "2283"]
[BlackElo "2145"]

1.d4 Nf6 2.c4 g6 3.g3 Bg7 4.Bg2 O-O 5.Nf3 d6 6.Nc3 Nbd7 7.O-O e5 8.e4 c6
9.h3 Qa5 10.Be3 Nb6 11.Qe2 Qa6 12.dxe5 dxe5 13.b3 h6 14.Rac1 Nh5 15.Nd2 Be6
16.Kh2 Nd7 17.Na4 Qa5 18.c5 Qc7 19.Nc4 Nf4 20.Qd2 Nxg2 21.Kxg2 Kh7 22.Qd6 Qxd6
23.Nxd6 Rab8 24.Nb2 f5 25.f3 f4 26.Bf2 fxg3 27.Bxg3 Rfd8 28.Rfd1 Bf8 29.Nd3 Bg7
30.Bf2 Nf8 31.Bg3 Nd7 32.Nb2 Bf8 33.Bf2 Be7 34.Nbc4 b6 35.cxb6 axb6 36.Bg3 Bf6
37.Rc2 c5 38.Rcd2 Kg8 39.Nb5 Bxc4 40.bxc4 Rb7 41.Rd6 Kf7 42.Rc6 Ke7 43.Rdd6 Ra8
44.Re6+ Kd8 45.a3 Be7 46.Rxg6 Ra4 47.Rg8+ Nf8 48.Bxe5 Rxc4 49.Bg7 Rc2+ 50.Kg3 Kd7
51.Rxh6 Ne6 52.Bf6 Kc6 53.a4 Bd6+ 54.e5 Bb8 55.Rc8+ Kd5 56.Bh8 Nd4 57.Rd8+ Kc4
58.Na3+ Kb3 59.Nxc2 Nxc2 60.Kf2 Nd4 61.e6 Nf5 62.Rd7 Rc7 63.Rxc7 Bxc7 64.Rh7 Bd8
65.Rf7 Bh4+ 66.Ke2 Ng3+ 67.Kd1 c4 68.e7 c3 69.Bxc3 Bxe7 70.Rxe7 Kxc3 71.Rb7  1-0

[Event "FIDE Women's Grand Prix"]
[Site "Instanbul TUR"]
[Date "2009.03.17"]
[Round "9"]
[White "Danielian,E"]
[Black "Fierro Baquero,M"]
[Result "1-0"]
[WhiteElo "2496"]
[BlackElo "2403"]

1.d4 Nf6 2.Nf3 g6 3.c4 Bg7 4.g3 O-O 5.Bg2 d6 6.O-O Nc6 7.Nc3 Bf5 8.d5 Na5
9.Nd2 c6 10.b4 Nxc4 11.dxc6 Nxd2 12.cxb7 Rb8 13.Bxd2 d5 14.Qb3 Rxb7 15.Rac1 Rd7
16.Bg5 d4 17.Bxf6 Bxf6 18.Ne4 Bg7 19.Nc5 Rc7 20.a4 Qd6 21.a5 Rb8 22.Qc4 Be6
23.Qa6 Rxb4 24.Qxd6 exd6 25.Nxe6 Rxc1 26.Rxc1 fxe6 27.Bh3 d3 28.Bxe6+ Kf8
29.exd3 Bd4 30.Rc7 Rb2 31.Rf7+ Ke8 32.Rf4 Bc3 33.a6 Ba5 34.h4 Rd2 35.Bg8 Rd1+
36.Kg2 Bd2 37.Re4+ Kf8 38.Bxh7 g5 39.h5 Ba5 40.Bg6 Re1 41.Rc4 Kg7 42.Be4 Rb1
43.Rc6 Rb2 44.Rxd6 Bb6 45.h6+ Kf7 46.d4  1-0

[Event "TCh-AUT 1st Bundesliga 2008-9"]
[Site "Ansfelden AUT"]
[Date "2009.03.20"]
[Round "9"]
[White "Braun,A"]
[Black "Baklan,V"]
[Result "0-1"]
[WhiteElo "2558"]
[BlackElo "2627"]

1.d4 Nf6 2.c4 g6 3.Nf3 Bg7 4.g3 O-O 5.Bg2 d6 6.O-O a6 7.Nc3 Nc6 8.d5 Na7
9.a4 c5 10.h3 Bf5 11.Nh4 Bd7 12.a5 e6 13.e4 exd5 14.exd5 Nc8 15.Qd3 Rb8 16.Ra2 b6
17.axb6 Rxb6 18.Bd2 Ne7 19.Nd1 Qc8 20.Kh2 Nf5 21.Nf3 h5 22.Re1 Re8 23.Rxe8+ Qxe8
24.Ba5 Rb8 25.Bc3 Bc8 26.Ng5 h4 27.g4 Nd4 28.f4 Rb3 29.Ra3 Rxa3 30.bxa3 Nd7
31.Ne4 Qe7 32.Ne3 Nf6 33.Ng5 Nh7 34.Nxh7 Kxh7 35.Kh1 Bd7 36.Be1 Kg8 37.Qe4 Qd8
38.Bf1 f5 39.Qg2 Qe7 40.Bf2 fxg4 41.hxg4 Bh6 42.Qh2 Qe4+ 43.Ng2 Nf3 44.Qh3 Bxf4
45.Bxh4 Be5 46.Be7 Kg7  0-1

[Event "TCh-AUT 1st Bundesliga 2008-9"]
[Site "Ansfelden AUT"]
[Date "2009.03.20"]
[Round "9"]
[White "Ruck,R1"]
[Black "Weiss,C"]
[Result "1-0"]
[WhiteElo "2558"]
[BlackElo "2424"]

1.Nf3 Nf6 2.c4 g6 3.d4 Bg7 4.g3 O-O 5.Bg2 d6 6.Nc3 Nbd7 7.O-O e5 8.h3 c6
9.e4 Re8 10.Re1 exd4 11.Nxd4 Nc5 12.b3 a5 13.Bf4 Ne6 14.Nxe6 Rxe6 15.Qd2 Nd7
16.Rad1 Qe7 17.Ne2 Be5 18.Be3 c5 19.Nf4 Bxf4 20.Bxf4 Ne5 21.Be3 f6 22.f4 Nf7
23.f5 Re5 24.Bf4 gxf5 25.Bxe5 dxe5 26.Kh2 Kg7 27.exf5 Bxf5 28.Rf1 Be6 29.Qc3 a4
30.Rd2 axb3 31.axb3 Rf8 32.Ra1 Rd8 33.Rxd8 Nxd8 34.Rd1 Nf7 35.Qf3 Nd6 36.Qd3 Nf5
37.Qd8 Qf7 38.Qb6 Nd4 39.Qxb7 Qxb7 40.Bxb7 Nxb3 41.Bd5 Bf5 42.Kg2 Kg6 43.Re1 h5
44.Re3 Nd4 45.Ra3 Nc2 46.Ra5 Ne3+ 47.Kf3 Nxd5 48.cxd5 Bxh3 49.Rxc5 Kf5 50.Rc4 Bg4+
51.Ke3 Bh3 52.Rc2 Kg5 53.d6 f5 54.Rc5  1-0

[Event "Spring Open"]
[Site "Belgrade SRB"]
[Date "2009.03.22"]
[Round "2"]
[White "Markovic,N"]
[Black "Tomin,Ks"]
[Result "1/2-1/2"]
[WhiteElo "1946"]
[BlackElo "1742"]

1.d4 Nf6 2.Nf3 g6 3.c4 Bg7 4.g3 d6 5.Bg2 O-O 6.O-O Nc6 7.d5 Na5 8.Qa4 b6
9.Nd4 Bd7 10.Nc6 Nxc6 11.dxc6 Bf5 12.Nc3 Qc8 13.Re1 Bh3 14.Nd5 Nxd5 15.cxd5 Bxg2
16.Kxg2 e6 17.Qc4 e5 18.Rb1 f5 19.e3 Qd8 20.f4 exf4 21.exf4 Re8 22.Be3 Re4
23.Qc2 Qf8 24.Bf2 Rae8 25.Rxe4 Rxe4 26.Re1 Qf7 27.Qd2 Qe7 28.b3 Rxe1 29.Qxe1 Qxe1
30.Bxe1 Kf7 31.Kf3 Bd4 32.Bb4 Ke7 33.Be1 h5 34.Ke2 a6  1/2-1/2

[Event "3rd Georgi Agzamov Mem"]
[Site "Tashkent AZE"]
[Date "2009.03.22"]
[Round "7"]
[White "Zhumabayev,R"]
[Black "Niyazmetov,R"]
[Result "1/2-1/2"]
[WhiteElo "2520"]
[BlackElo "2227"]

1.Nf3 Nf6 2.d4 g6 3.g3 Bg7 4.Bg2 O-O 5.c4 d6 6.O-O Nc6 7.Nc3 a6 8.d5 Na5
9.Nd2 c5 10.Qc2 Rb8 11.Rb1 e6 12.a3 exd5 13.Nxd5 Be6 14.b4 Nc6 15.Nb3 cxb4
16.axb4 Rc8 17.Rd1 Nxd5 18.cxd5 Nd4 19.Qd3 Rc3 20.Nxd4 Rxd3 21.Rxd3 Bg4 22.h3 Bd7
23.Be3 Qe7 24.Rc1 Rc8 25.Rxc8+ Bxc8 26.Rc3 Qd8 27.Rc1 Bd7 28.Nb3 Bb2 29.Rc2 Ba3
30.Bd2 Qb6 31.Rc4 Bb2 32.Be3 Qb5 33.Nd2 Bf6 34.Bf4 Be7 35.e4 Qb6 36.Nb3 Qd8
37.Na5 Qb8 38.Rc1 f5 39.exf5 Bxf5 40.Nc4 h5 41.Be3 Qe8 42.Na5 Qa4 43.Rc7 Bf6
44.Rxb7 Qd1+ 45.Kh2 Bd4 46.Rb8+ Kg7 47.Rb7+ Kg8 48.Rb8+ Kg7 49.Rb7+ Kf6 50.Nc4 Bxe3
51.Nxe3 Qe1 52.Rb6 Qxf2 53.Rxd6+ Kf7 54.Nxf5 gxf5 55.Rxa6 f4 56.gxf4 Qxf4+
57.Kh1 Qc1+  1/2-1/2

[Event "ArcelorMittal Open"]
[Site "Frydek Mistek CZE"]
[Date "2009.04.09"]
[Round "2"]
[White "Snorek,M"]
[Black "Marini,J"]
[Result "1-0"]
[WhiteElo "2155"]
[BlackElo "1920"]

1.d4 d6 2.Nf3 Nf6 3.c4 g6 4.g3 Bg7 5.Bg2 O-O 6.O-O c6 7.Nc3 Bg4 8.h3 Bxf3
9.Bxf3 Nbd7 10.Bg5 e5 11.d5 c5 12.Qd2 Re8 13.e4 a6 14.a4 Qe7 15.a5 Qf8 16.Na4 h6
17.Be3 Kh7 18.b4 Qe7 19.bxc5 Nxc5 20.Bxc5 dxc5 21.d6 Qe6 22.Rac1 Red8 23.Rfd1 Bf8
24.Nxc5 Qxh3 25.Qe3 Rxd6 26.Rxd6 Bxd6 27.Nxb7 Be7 28.c5 Ng4 29.Bxg4 Qxg4
30.Qb3 Kg7 31.Qd5 Qg5 32.Rc3 Rf8 33.Kg2 h5 34.Nd6 h4 35.Rf3 Bxd6 36.cxd6 Qh5
37.gxh4 Qg4+ 38.Rg3 Qf4 39.d7 Qf6 40.Rf3 Qe7 41.Rd3 Rd8 42.Qd6 Kf8 43.Kg3 Qxd6
44.Rxd6 Ke7 45.Rxa6 Rxd7 46.Rb6 Rd3+ 47.Kg4 Rd4 48.Kf3 Rd3+ 49.Kg2 Kd7 50.a6 Ra3
51.f3 Kc7 52.Rf6 Kd8 53.Rxf7 Rxa6 54.Kg3 Ke8 55.Rb7 Rf6 56.Rb5 Re6 57.Kg4 Kf7
58.Kg5 Kg7 59.Rb7+ Kf8 60.Rh7 Kg8 61.Rh6 Kg7 62.h5 Rf6 63.Rxg6+ Rxg6+ 64.hxg6  1-0

[Event "CEZ Cup"]
[Site "Frydek Mistek CZE"]
[Date "2009.04.09"]
[Round "2"]
[White "Jurek,J"]
[Black "Jedlicka,A"]
[Result "1/2-1/2"]
[WhiteElo "2344"]
[BlackElo "2306"]

1.Nf3 Nf6 2.c4 g6 3.d4 Bg7 4.g3 O-O 5.Bg2 d6 6.Nc3 Nbd7 7.O-O e5 8.e4 a6
9.Re1 exd4 10.Nxd4 Ne5 11.b3 c5 12.Nc2 Rb8 13.a4 Re8 14.h3 Be6 15.Be3  1/2-1/2

[Event "11th European Senior Team"]
[Site "Velden AUT"]
[Date "2009.04.10"]
[Round "6"]
[White "Holsteijn,G"]
[Black "Stuerzenbaum,A"]
[Result "0-1"]
[WhiteElo "1994"]
[BlackElo "2189"]

1.d4 Nf6 2.c4 g6 3.g3 Bg7 4.Bg2 O-O 5.Nf3 d6 6.O-O Nbd7 7.Qc2 e5 8.Rd1 Qe7
9.Nc3 c6 10.h3 exd4 11.Nxd4 Nc5 12.Bf4 Nfd7 13.Nxc6 bxc6 14.Bxc6 Bb7 15.Bxd6 Qe6
16.Bxb7 Nxb7 17.Bxf8 Nxf8 18.Rd5 Qxh3 19.Rad1 Rc8 20.b3 Bxc3 21.Qxc3 Nc5
22.R5d4 Qe6 23.Qf3 Qe7 24.Qg4 Nce6 25.R1d3 Rc7 26.e4 Nd7 27.e5 Ndc5 28.Rd1 Ng7
29.Rd8+ Ne8 30.f4 Ne6 31.R8d5 N8g7 32.Qf3 h5 33.Kh2 Nf5 34.Rd6 Nh6 35.Qd3 Ng4+
36.Kg2 Kg7 37.Rh1 Rc8 38.Kf3 Qb7+ 39.Qd5 Qb4 40.Rd1 Re8 41.Rc1 Qa3 42.Rc2 Qb4
43.Qd2 Qb7+ 44.Qd5 Nd4+ 45.Ke4 Qxd5+ 46.cxd5 Nxc2 47.Kd3 Rc8 48.Rd7 Nb4+
49.Kd4 Nh6 50.e6 Kf6 51.Rxa7 fxe6  0-1

[Event "ArcelorMittal Open"]
[Site "Frydek Mistek CZE"]
[Date "2009.04.11"]
[Round "5"]
[White "Klecker,T"]
[Black "Jozefek,M"]
[Result "1-0"]
[WhiteElo "2124"]
[BlackElo "1896"]

1.Nf3 Nf6 2.c4 d6 3.d4 g6 4.g3 Bg7 5.Bg2 O-O 6.O-O c6 7.Nc3 Qc7 8.e4 Nbd7
9.h3 a6 10.Be3 c5 11.Qe2 Rb8 12.Rac1 b6 13.Nd2 Bb7 14.Kh2 Rfc8 15.b4 cxd4
16.Bxd4 Nxe4 17.Nd5 Bxd5 18.cxd5 Nxd2 19.Rxc7 Nxf1+ 20.Bxf1 Rxc7 21.Bxg7 Kxg7
22.Qxe7 Rbc8 23.Qxd6 Rc2 24.Kg1 Nf6 25.g4 Re8 26.g5 Nh5 27.b5 Rd2 28.Qc6 Rd8
29.Qc3+  1-0

[Event "Arnold Eikrem Memorial"]
[Site "Oslo NOR"]
[Date "2009.04.11"]
[Round "8"]
[White "Kveinys,A"]
[Black "Trygstad,K"]
[Result "1-0"]
[WhiteElo "2534"]
[BlackElo "2314"]

1.d4 Nf6 2.c4 g6 3.Nf3 Bg7 4.g3 O-O 5.Bg2 d6 6.O-O Nbd7 7.Nc3 e5 8.h3 a6
9.dxe5 dxe5 10.Be3 c6 11.Qb3 Qa5 12.a3 Re8 13.Rfd1 Bf8 14.Ng5 Nc5 15.Qa2 Qc7
16.b4 Ne6 17.Nge4 Nxe4 18.Nxe4 Be7 19.c5 Ng7 20.Nd6 Rf8 21.Qb2 f6 22.Nxc8 Raxc8
23.Qb3+ Kh8 24.g4 Rcd8 25.Bh6 a5 26.Rxd8 Qxd8 27.bxa5 Qxa5 28.Qxb7 Qxc5 29.a4 g5
30.a5 f5 31.gxf5 Rxf5 32.e3 e4 33.a6 Qe5 34.Rd1  1-0